| 000 | 00650nam a2200253Ia 4500 | ||
|---|---|---|---|
| 003 | OSt | ||
| 005 | 20220928121543.0 | ||
| 006 | a|||||r|||| 00| 0 | ||
| 007 | ta | ||
| 008 | 220927b |||||||| |||| 00| 0 eng d | ||
| 024 | _a72927 | ||
| 037 | _cTextual | ||
| 040 |
_aSDCL _cSDCL _beng |
||
| 041 |
_2eng _aeng |
||
| 082 | _aR1, P6 | ||
| 100 |
_aRestall Greg _9452966 |
||
| 245 | 0 |
_aLogic _b An introduction . |
|
| 260 |
_aLondon _bRoutledge _c2006 |
||
| 300 |
_axiii,225p _ccm. |
||
| 490 | _aFundamentals of philosophy | ||
| 650 | _aLogic-Philosophy | ||
| 942 |
_hR1, P6 _cTEXL _2CC |
||
| 999 |
_c766900 _d766900 |
||